| 000 | 00375nam a2200133Ia 4500 | ||
|---|---|---|---|
| 008 | 230917s9999||||xx |||||||||||||| ||und|| | ||
| 040 |
_e205253 _aMAIN |
||
| 041 | _aEnglish | ||
| 082 | _a372.24 M896S | ||
| 100 | _aMukta | ||
| 245 | 0 | _aStudy of effect of 'EDSAT' on curiosity, linguistic ability and achievement of primary school learners | |
| 300 | _a229 p. | ||
| 942 | _cTH | ||
| 999 |
_c125667 _d125667 |
||